000 00215 a2200097 4500
001 11019
100 _aChoudhary, G. W.
245 _aPakistan Relations with India
260 _a
_bPall Mall
_c
090 _c8587
_d8587
942 _aNUST-CAE
_cM
_c35363
999 _c246092
_d246092